000 01797nam0a2200373 4500
001 RU\NLR\bibl\132610
005 20260407092930.0
020 _aRU
_b98-27698
_9Книжная летопись
021 _aRU
_b98-18226
_9864
035 _a(NLR Aleph) 000129891
090 _a741583
_c741583
100 _a20000410g1996 |||y0rusy50 ca
101 0 _arus
102 _aRU
105 _ay |||||||||
200 1 _aФедеральное Собрание - парламент Российской Федерации
_aГосударственная Дума. Стенограмма заседаний. Бюл. № 172 (314)
210 _aМ.
_cГос. Дума
_d1998
215 _a63 с.
_d31
601 0 1 _aРоссийская Федерация
_bФедеральное Собрание
_bГосударственная Дума
_jСтенографические отчеты
_xЗаседания
_92540242
_3RU\NLR\auth\661503944
601 0 1 _aРоссийская Федерация
_bГосударственная Дума
_jСтенографические отчеты
_xЗаседания
_92537580
_3RU\NLR\auth\661502569
610 0 _aГосударственная Дума Российской Федерации - законы и постановления
675 _a3328.075.1(470)
_v3
_zrus
686 _a11.15
_2rugasnti
686 _a67.99(2)06
_2rubbk
686 _aХ620.611.32Р
710 0 1 _aРоссийская Федерация
_bГосударственная Дума
_c1996-1999
_bЗаседание
_f1998, апрель
_3RU\NLR\AUTH\8810050906
_9602065
801 0 _aRU
_bRKP
_c20000410
_gPSBO
801 1 _aRU
_bRKP
_c20000410
801 2 _aRU
_bNLR
_c20090211
_grcr
852 _aNLR
_j2000-8/1828
942 _cBOOK
980 _aNB